| 000 | 01843 a2200241 4500 | ||
|---|---|---|---|
| 001 | 45036 | ||
| 005 | 20260407155725.0 | ||
| 008 | 260407a1993 arg spa d | ||
| 003 | AR-UNSa-BCEJYS | ||
| 040 |
_aAR-UNSa-BCEJYS _bspa _cAR-UNSa-BCEJYS |
||
| 080 |
_a331.5 _xMercado de Trabajo. Empleo |
||
| 245 | 1 | 0 |
_aPoblación, fuerza de trabajo y empleo _pconceptos, tendencias y aspectos de política |
| 020 | _a92-2-308318-4 | ||
| 264 | 1 |
_aGinebra : _bOIT _c1993 |
|
| 300 |
_avii, 116 p. _c29 cm. |
||
| 505 | _aI. Introducción - - II. Tendencias globales del empleo y el crecimiento del trabajo : 1. Crecimiento de la Fuerza de Trabajo – 2. Visión Económica Global – 3. Reto del Empleo en los Países en Desarrollo - - III. Conceptos y aspectos de la medición : 1. Conceptos de la Fuerza de Trabajo – 2. Medición de la Actividad Económica y Algunos Problemas – 3. Subutilización Laboral - - IV. Determinantes de la oferta laboral y del crecimiento de la fuerza del trabajo : 1. Introducción – 2. Fecundidad, Mortalidad y Estructura de Edad – 3. Migración – 4. Factores Económicos, Sociales y Culturales - - V. Determinantes del empleo : 1. Introducción – 2. Naturaleza y Estructura del Empleo en Países en Desarrollo – 3. Determinantes del Crecimiento de la Demanda Laboral – 4. Determinantes del Crecimiento del Empleo en el Sector del Autoempleo - - VI. Aspectos de política y consideraciones para los países en desarrollo : 1. Causa de la Brecha y el Empleo – 2. Consideraciones de la oferta – 3. Desarrollo Orientado al Empleo - - VII. Conclusión. | ||
| 041 | _aspa | ||
| 942 | _cBK | ||
| 590 | _aniveau_biblio:m niveau_hierar:0 | ||
| 100 | 1 | _aOfosu, Yaw | |
| 700 | 1 | _aFarooq, Ghazi M. | |
| 856 | 4 | 1 |
_uhttps://www.biblioeco.unsa.edu.ar/pmb/images/libros/L127060.jpg _yImagen de portada _qimage/jpeg |
| 999 |
_c3887 _d3887 |
||